| 000 | 00638nam a2200193 a 4500 | ||
|---|---|---|---|
| 001 | 000018825 | ||
| 005 | 20200929165849.0 | ||
| 008 | 100519s1992 ag r 000 p spa d | ||
| 040 |
_aDO-SdBNP _bspa _cBNPHU |
||
| 082 |
_aA861.44 _bB259L |
||
| 100 | 1 |
_aBarnatán, Marcos-Ricardo _d1946- _923361 |
|
| 245 | 1 | 3 |
_aEl libro de David Jerusalen : _by otros poemas / _cMarcos-Ricardo Barnatán. |
| 260 |
_a[Buenos Aires] : _bMunicipal, _c1992,. |
||
| 490 | 0 | _aBarcarola | |
| 586 | _aPrimer Premio VII Certamen Internacional de Poesía. | ||
| 650 | 4 |
_aPoesía argentina _93859 |
|
| 650 | 4 |
_aLiteratura argentina _93860 |
|
| 830 | 0 |
_aBarcarola _940583 |
|
| 999 |
_c18345 _d18345 |
||